تد بر قر آ ں کے اصو ل اور وسا عيل : (Record no. 70009)
[ view plain ]
| 000 -LEADER | |
|---|---|
| fixed length control field | 00785nam a22001937a 4500 |
| 005 - DATE AND TIME OF LATEST TRANSACTION | |
| control field | 20200120112118.0 |
| 010 ## - LCCN (DPL NO) | |
| LC control number | B-472511 |
| 020 ## - INTERNATIONAL STANDARD BOOK NUMBER | |
| Terms of availability | 135.00 |
| 035 ## - SYSTEM CONTROL NUMBER | |
| System control number | B-472511 |
| 037 ## - SOURCE OF ACQUISITION | |
| Source of stock number/acquisition | BPPD/Pub. |
| 082 ## - DEWEY DECIMAL CLASSIFICATION NUMBER | |
| Classification number | 270 |
| 100 ## - MAIN ENTRY--PERSONAL NAME | |
| Personal name | طہ جا بر العلو ا نی |
| 245 ## - TITLE STATEMENT | |
| Title | تد بر قر آ ں کے اصو ل اور وسا عيل : |
| Statement of responsibility, etc | طہ جا بر العلو انی |
| Remainder of title | (تد بر اور تد بير کی منہا جيا ت ) / |
| 246 ## - VARYING FORM OF TITLE | |
| Title proper/short title | Tadabur-e-Qura,n Ke Usool Aur Wasayel (Urdu) / |
| Remainder of title | By Taha Jabir AL-Alwani |
| 260 ## - PUBLICATION, DISTRIBUTION, ETC. (IMPRINT) | |
| Place of publication, distribution, etc | نئ دھلی |
| Name of publisher, distributor, etc | قا ضی پبليشر ز اينڈ ڈ سٹر ی بيو ٹر ز |
| Date of publication, distribution, etc | 2012 ء |
| 270 ## - ADDRESS | |
| Address | 35- بی جضر ت نظا م ا لد ين،و يسٹ |
| 300 ## - PHYSICAL DESCRIPTION | |
| Extent | 248 ص |
| Dimensions | 21cm(pbk) |
| 942 ## - ADDED ENTRY ELEMENTS (KOHA) | |
| Source of classification or shelving scheme | Dewey Decimal Classification |
| Item type | Urdu Bks |
| Classification part | 270 |
| Call number suffix | ط ہ ج |
| Withdrawn status | Lost status | Not for loan | Collection code | Home library | Current library | Date acquired | Source of acquisition | Cost, normal purchase price | Full call number | Barcode | Copy number | Koha item type |
|---|---|---|---|---|---|---|---|---|---|---|---|---|
| Non-fiction | Central Library | Central Library | 14/09/2012 | K.K Pub./194/25/03/2012/order No/DPL/BPPD/EO1/2011-12/7/42/22dt | 135.00 | 270 ط ہ ج | B-472511 | 1 | Urdu Bks |
